| 000 | 00904nam a2200277 i 4500 | ||
|---|---|---|---|
| 001 | 34710 | ||
| 003 | BD-RjUL | ||
| 005 | 20211209052211.0 | ||
| 008 | 140518s1976 ii b 001 0 eng d | ||
| 035 | _a(BD-RjUL)34804 | ||
| 040 |
_aDLC _cDLC _dDLC _dBD-RjUL _beng |
||
| 041 | _aeng | ||
| 082 | 0 | 0 |
_a301.40095412 _bSHS 1976 |
| 100 | 1 |
_aShukla, N. K. _9105601 |
|
| 245 | 1 | 4 |
_aThe social structure of an Indian village / _cN. K. Shukla. |
| 260 |
_aNew Delhi : _bCosmo Publications, _c1976. |
||
| 300 |
_axii, 185 p. ; _c23 cm. |
||
| 500 | _aA revision of the author's thesis, Ranchi University, 1968. | ||
| 504 | _aIncludes bibliographical references and index. | ||
| 650 | 0 |
_aEthnology _zIndia _zBihar. _9105602 |
|
| 650 | 0 |
_aVillages _zIndia _zBihar. _9105603 |
|
| 651 | 0 |
_aBharko, India _xSocial life and customs. _9105604 |
|
| 942 |
_2ddc _cBK |
||
| 999 |
_c34710 _d34710 |
||